| 000 | 00396nam a2200145Ia 4500 | ||
|---|---|---|---|
| 008 | 221007s9999 xx 000 0 und d | ||
| 041 | _aeng | ||
| 082 | _bPAW | ||
| 100 |
_aPawar K K (2K41033) _9102243 |
||
| 245 | _aStudy of Distribution Channel of Shri Chatrapati Sahakari Sakhar Karkhana | ||
| 260 |
_c2006 _bPune University _aPune |
||
| 300 | _a40p | ||
| 520 | _aDhotre M | ||
| 906 | _bGeneral | ||
| 999 |
_c69404 _d69404 |
||